Využitie prostriedkov verejných financií v zdravotníctve dizertačná práca

Gespeichert in:
Bibliographische Detailangaben
1. Verfasser: Drábeková, Mária
Körperschaft: Národohospodárska fakulta EU. Katedra financií
Weitere Verfasser: Beňová, Elena
Format: Buch
Sprache:Slowakisch
Veröffentlicht: Bratislava 2009
Schlagworte:
Tags: Tag hinzufügen
Keine Tags, Fügen Sie das erste Tag hinzu!

MARC

LEADER 00000nam$a2200000$$$4500
001 0105189
005 20240502072146.5
041 0 |a slo 
044 |a SK 
245 1 0 |a Využitie prostriedkov verejných financií v zdravotníctve  |b dizertačná práca  |c Mária Drábeková ; škol. Elena Beňová 
264 1 |a Bratislava  |c 2009 
300 |a 174 s. 
610 2 0 |a financie verejné 
610 2 0 |a zdravotníctvo 
610 2 0 |a Slovensko 
610 2 0 |a starostlivosť zdravotná 
100 1 |a Drábeková, Mária 
700 1 |a Beňová, Elena 
710 2 |a Národohospodárska fakulta EU. Katedra financií